| 000 | 00735nam a2200217 a 4500 | ||
|---|---|---|---|
| 005 | 20221111063518.0 | ||
| 008 | 090422s2004 mx r 000 0 spa d | ||
| 020 | _a9688536237 | ||
| 035 | _aUPN01000170285 | ||
| 049 | _aCG | ||
| 050 | 4 |
_aBF449 _bO3.2 |
|
| 100 | 1 | _aO'Hanlon, Bill | |
| 245 | 1 | 0 |
_aCrecer a partir de las crisis : _bcómo convertir una situación difícil o traumática en una oportunidad de cambio personal / _cBill O'Hanlon ; tr. Montse Florenciano. |
| 260 |
_aMéxico : _bPaidós, _c2004. |
||
| 300 | _a200 p. | ||
| 440 | 0 |
_aDivulgación/autoayuda ; _v224 |
|
| 534 |
_pTítulo original: _tThriving through crisis |
||
| 650 | 2 |
_aSolución de problemas _92522 |
|
| 650 | 4 |
_aMANEJO DE CRISIS _9438 |
|
| 905 | _aLibro | ||
| 999 |
_c142390 _d142390 |
||